Ngoại giao Việt Nam trong thời kỳ kháng chiến chống Mỹ cứu nước 1954-1975 /

Uloženo v:
Podrobná bibliografie
Hlavní autor: Khắc Huỳnh
Médium: Článek
Jazyk:Vietnamese
Témata:
Tagy: Přidat tag
Žádné tagy, Buďte první, kdo otaguje tento záznam!
Thư viện lưu trữ: Thư viện Trường Đại học Đà Lạt
LEADER 00767nam a2200265 4500
001 DLU060051940
040 # # |a DLU  |b vie 
041 # # |a vie 
044 # # |a vn 
100 # # |a Khắc Huỳnh 
245 # # |a Ngoại giao Việt Nam trong thời kỳ kháng chiến chống Mỹ cứu nước 1954-1975 /  |c Khắc Huỳnh 
653 # # |a Kháng chiến chống Mỹ 
653 # # |a Ngoại giao 
773 # # |t Nghiên cứu lịch sử  |g Số 4, 2005, tr.11-25 
920 # # |a Phòng Tạp chí -- Trung tâm Thông tin - Thư viện Trường Đại học Đà Lạt 
933 # # |a CT, TN 
994 # # |a DLU 
900 # # |a True 
911 # # |a Nguyễn Thị Yên 
925 # # |a G 
926 # # |a A 
927 # # |a BB 
980 # # |a Thư viện Trường Đại học Đà Lạt